Buenas prácticas en pastoral escolar

Salvato in:
Dettagli Bibliografici
Autori principali: César, Xulio (Autore), Blanco, Iglesias (Autore)
Natura: Libro
Lingua:spagnolo
Pubblicazione: Madrid PPC 2016
Edizione:1a. ed
Serie:Pastoral Escolar
Soggetti:
Tags: Aggiungi Tag
Nessun Tag, puoi essere il primo ad aggiungerne!!

MARC

LEADER 00000cam a2200000 a 4500
001 UCC3344
003 CL-VaPUC
008 180427e20160000sp |||||||||||||||||spa|d
020 |a 9788428829397 
082 0 4 |a 268.6  |b CES  |2 21 
100 0 |a César, Xulio  |e author  |9 597357 
700 0 |a Blanco, Iglesias  |e author  |9 597358 
245 1 0 |a Buenas prácticas en pastoral escolar 
250 |a 1a. ed 
300 |a 255 p 
942 |c BK 
945 |d 20180427 13:12:00  |a arojas 
260 |a Madrid  |b PPC  |c 2016 
650 7 |a PASTORAL CRISTIANA  |2 CL-VaPUC  |9 398048 
650 0 |a Educación religiosa   |9 308312 
650 0 |a Catecismo  |9 333878 
650 7 |a CATEQUISTAS  |2 CL-VaPUC  |9 481683 
650 0 |a Métodos de enseñanza  |9 270413 
583 |a last modification  |c 20180427 13:12:00  |k Rodrigo Vera 
490 0 |a Pastoral Escolar 
999 |c 371094  |d 371092 
952 |0 0  |1 0  |3 erb  |4 0  |6 268_600000000000000_CES_2016  |7 0  |8 A  |9 487973  |a BIBTEO  |b BIBTEO  |i 5468639  |l 1  |o 268.6 CES 2016  |p 5468639  |r 2025-01-17  |s 2024-08-13  |w 2019-11-24  |y BK  |z Catalogado en:20180427  |k ICR